Cena za presadzovanie verejných politík postavených na dátach
Ocenenie Švédskej kráľovskej akadémie experimentálneho prístupu v ekonómii. Návrhy ocenených ekonómov. Metóda náhodného výberu ako typ vedeckého výskumu ekonómov. Zhrnutie 5 dôvodov, prečo je výhodné využívať terénne ekonomické experimenty v politike.
Salvato in:
| Autore principale: | |
|---|---|
| Natura: | Capitolo di libro |
| Lingua: | slovacco |
| Soggetti: | |
| Tags: |
Nessun Tag, puoi essere il primo ad aggiungerne!!
|
MARC
| LEADER | 00000naa a2200000 4500 | ||
|---|---|---|---|
| 001 | 0262845 | ||
| 005 | 20240502074157.5 | ||
| 041 | 0 | |a slo | |
| 044 | |a SK | ||
| 245 | 1 | 0 | |a Cena za presadzovanie verejných politík postavených na dátach |c Jana Péliová |
| 520 | |a Ocenenie Švédskej kráľovskej akadémie experimentálneho prístupu v ekonómii. Návrhy ocenených ekonómov. Metóda náhodného výberu ako typ vedeckého výskumu ekonómov. Zhrnutie 5 dôvodov, prečo je výhodné využívať terénne ekonomické experimenty v politike. | ||
| 610 | 2 | 0 | |a oceňovanie |
| 610 | 2 | 0 | |a experimenty |
| 610 | 2 | 0 | |a experti |
| 610 | 2 | 0 | |a ekonómovia |
| 610 | 2 | 0 | |a politika verejná |
| 100 | 1 | |a Péliová, Jana, 1976- | |